[Event "CRO-chT2 South"]
[Site "Croatia"]
[Date "2014.04.27"]
[Round "3.1"]
[White "Basic, Igor"]
[Black "Filipovic, Miroslav"]
[Result "1-0"]
[WhiteElo "1981"]
[BlackElo "2106"]
[PlyCount "37"]
[EventDate "2014.04.25"]
[EventType "team-tourn"]
[EventRounds "9"]
[EventCountry "CRO"]
[SourceTitle "EXT 2019"]
[Source "ChessBase"]
[SourceDate "2018.10.10"]
[SourceVersion "1"]
[SourceVersionDate "2018.10.10"]
[SourceQuality "1"]

1. e4 d6 2. d4 g6 3. Be3 Bg7 4. Nc3 Nf6 5. f3 c6 6. Qd2 0-0 7. g4 e5 8. h4 h5 9. g5 Nfd7 10. 0-0-0 Qc7 11. Nge2 Nb6 12. Ng3 Be6 13. d5 cxd5 14. exd5 Bd7 15. Nce4 Re8 16. Rh2 Bf8 17. Nf6+ Kg7 18. Ngxh5+ gxh5 19. Qd3 1-0

[Event "Splitsko Dalmatinske-ch"]
[Site "Split"]
[Date "2014.03.14"]
[Round "7"]
[White "Basic, Igor"]
[Black "Olic, Branko"]
[Result "1-0"]
[WhiteElo "1972"]
[BlackElo "2202"]
[PlyCount "85"]
[EventDate "2014.03.08"]
[EventType "swiss"]
[EventRounds "9"]
[EventCountry "CRO"]
[SourceTitle "CBM 159 Extra"]
[Source "ChessBase"]
[SourceDate "2014.04.24"]
[SourceVersion "1"]
[SourceVersionDate "2014.04.24"]
[SourceQuality "1"]

1. e4 e6 2. d4 d5 3. Nc3 Bb4 4. a3 Ba5 5. b4 Bb6 6. Nf3 a5 7. Rb1 Ne7 8. e5 h6 9. Bd3 Nf5 10. Ne2 Nc6 11. c3 axb4 12. axb4 g6 13. 0-0 Bd7 14. Nf4 Nce7 15. Kh1 Ng7 16. Qc2 Nef5 17. h3 Qe7 18. Nh2 h5 19. Ne2 c6 20. Nf3 Bd8 21. Bg5 Qf8 22. Bf6 h4 23. Bxd8 Rxd8 24. b5 Qe7 25. Nh2 c5 26. Ng4 Nh5 27. dxc5 Qxc5 28. Qd2 Rc8 29. Rb4 Ra8 30. Qg5 Qe7 31. Qd2 Ra3 32. Qb2 Ra8 33. Qd2 Ra5 34. Nf4 Qg5 35. Rd1 Nxf4 36. Rxf4 Ke7 37. Nf6 Rha8 38. c4 Ra4 39. Nxd7 Kxd7 40. Bxf5 gxf5 41. cxd5 Ke7 42. dxe6 Kf8 43. Rxa4 1-0

[Event "CRO-chT2S"]
[Site "Makarska"]
[Date "2013.11.09"]
[Round "8.3"]
[White "Bobanac, Miro"]
[Black "Basic, Igor"]
[Result "1-0"]
[WhiteElo "2291"]
[BlackElo "1991"]
[PlyCount "120"]
[EventDate "2013.04.05"]
[EventType "team-tourn"]
[EventRounds "9"]
[EventCountry "CRO"]
[SourceTitle "EXT 2014"]
[Source "ChessBase"]
[SourceDate "2013.11.20"]
[SourceVersion "1"]
[SourceVersionDate "2013.11.20"]
[SourceQuality "1"]
[WhiteTeam "Split Mornar"]
[BlackTeam "Mravince II"]
[WhiteTeamCountry "CRO"]
[BlackTeamCountry "CRO"]

1. Nf3 Nf6 2. g3 g6 3. Bg2 Bg7 4. 0-0 0-0 5. d4 d5 6. c4 c6 7. Nc3 a5 8. Bf4 Nh5 9. Be3 e6 10. b3 Nd7 11. Rc1 f5 12. Bg5 Qe8 13. Qd2 Bf6 14. Bxf6 Nhxf6 15. Ne5 Ne4 16. Nxe4 fxe4 17. f3 exf3 18. Rxf3 Nxe5 19. dxe5 Rxf3 20. Bxf3 Qe7 21. Kg2 Bd7 22. c5 Be8 23. h4 Kg7 24. Bg4 Bd7 25. a3 h6 26. Qc3 a4 27. b4 Rf8 28. Rf1 Rxf1 29. Kxf1 Kh7 30. Qe3 Kg7 31. Qf4 Be8 32. Qf2 Bd7 33. e3 g5 34. h5 Be8 35. Bd1 g4 36. Bxg4 Bf7 37. Qf4 Be8 38. Bd1 Bf7 39. Qh4 Qxh4 40. gxh4 Kf8 41. Kf2 Ke7 42. Kg3 Kd8 43. Kg4 Kc7 44. Bxa4 Be8 45. Bc2 Bd7 46. Bg6 Bc8 47. Kf3 b5 48. Ke2 Bd7 49. Kd3 Kb7 50. e4 dxe4+ 51. Bxe4 Kc7 52. Kc3 Kb7 53. Kb3 Ka7 54. a4 bxa4+ 55. Kxa4 Ka6 56. Bd3+ Kb7 57. Ka5 Kc7 58. b5 cxb5 59. Bxb5 Bc8 60. c6 Kd8 1-0

[Event "CRO-chT2S"]
[Site "Makarska"]
[Date "2013.11.08"]
[Round "7.3"]
[White "Basic, Igor"]
[Black "Levacic, Patrick"]
[Result "0-1"]
[WhiteElo "1991"]
[BlackElo "2310"]
[PlyCount "94"]
[EventDate "2013.04.05"]
[EventType "team-tourn"]
[EventRounds "9"]
[EventCountry "CRO"]
[SourceTitle "EXT 2014"]
[Source "ChessBase"]
[SourceDate "2013.11.20"]
[SourceVersion "1"]
[SourceVersionDate "2013.11.20"]
[SourceQuality "1"]
[WhiteTeam "Mravince II"]
[BlackTeam "Zadar"]
[WhiteTeamCountry "CRO"]
[BlackTeamCountry "CRO"]

1. e4 Nc6 2. d4 e5 3. d5 Nce7 4. f4 exf4 5. Bxf4 Ng6 6. Bg3 Bc5 7. Nc3 d6 8. Bb5+ Bd7 9. Nf3 Bxb5 10. Nxb5 Nf6 11. Qd3 0-0 12. 0-0-0 Re8 13. Rde1 Ng4 14. Nbd4 Bxd4 15. Qxd4 a5 16. Rhf1 f6 17. Qd2 Qd7 18. Nd4 N4e5 19. Qf2 Qa4 20. Kb1 Qb4 21. a3 Qb6 22. Ne6 Qxf2 23. Bxf2 Re7 24. h3 Nf8 25. Nd4 Nc4 26. Kc1 Rae8 27. b3 Ne5 28. Nf5 Rd7 29. Bd4 Nfg6 30. Kd2 b6 31. a4 Nf7 32. h4 Nge5 33. Rf4 h5 34. Ng3 Ng6 35. Rf2 Rde7 36. Kd3 Nge5+ 37. Bxe5 Nxe5+ 38. Kd2 Ng4 39. Rf3 g6 40. Re2 Kf7 41. Rc3 Rg8 42. Rf3 Ke8 43. Nh1 Rf8 44. Nf2 Ne5 45. Rg3 g5 46. hxg5 h4 47. gxf6 hxg3 0-1

[Event "CRO-chT2S"]
[Site "Makarska"]
[Date "2013.04.06"]
[Round "2.4"]
[White "Glavan, Marko"]
[Black "Basic, Igor"]
[Result "1/2-1/2"]
[WhiteElo "2041"]
[BlackElo "1991"]
[PlyCount "107"]
[EventDate "2013.04.05"]
[EventType "team-tourn"]
[EventRounds "9"]
[EventCountry "CRO"]
[SourceTitle "EXT 2014"]
[Source "ChessBase"]
[SourceDate "2013.11.20"]
[SourceVersion "1"]
[SourceVersionDate "2013.11.20"]
[SourceQuality "1"]
[WhiteTeam "Privlaka Sveti Vid"]
[BlackTeam "Mravince II"]
[WhiteTeamCountry "CRO"]
[BlackTeamCountry "CRO"]

1. e4 d6 2. d4 Nf6 3. Nc3 g6 4. Nge2 Bg7 5. g3 0-0 6. Bg2 c6 7. 0-0 e5 8. a4 a5 9. h3 Na6 10. Be3 Be6 11. Qd2 Nb4 12. Nd1 exd4 13. Bxd4 c5 14. Be3 Nc6 15. Ndc3 Ne5 16. b3 Bxh3 17. f4 Bxg2 18. Kxg2 Neg4 19. Bg1 Qe7 20. Qd3 Rfe8 21. Kf3 h5 22. Rad1 Rad8 23. Rfe1 g5 24. Qc4 gxf4 25. gxf4 Nh7 26. Kg3 Ngf6 27. Nc1 h4+ 28. Kh2 Qd7 29. e5 Ng4+ 30. Kh1 Qc6+ 31. Qd5 dxe5 32. Qxc6 bxc6 33. Bxc5 exf4 34. Rxd8 Rxd8 35. Ne4 Re8 36. Nd3 f5 37. Nd6 Rxe1+ 38. Nxe1 Ne3 39. Bxe3 fxe3 40. Nxf5 Bc3 41. Nd3 e2 42. Ne7+ Kf7 43. Nxc6 Nf6 44. Nce5+ Ke8 45. Nf3 Ng4 46. Kg2 Ne3+ 47. Kf2 Nxc2 48. Kxe2 h3 49. Nf2 Na1 50. Kd3 Nxb3 51. Kxc3 Nc5 52. Kc4 Nxa4 53. Kb5 Nc3+ 54. Kxa5 1/2-1/2

[Event "Split op 2nd"]
[Site "Split"]
[Date "2012.08.17"]
[Round "7"]
[White "Basic, Igor"]
[Black "Marinkovic, Mate"]
[Result "0-1"]
[WhiteElo "1990"]
[BlackElo "2106"]
[PlyCount "96"]
[EventDate "2012.08.11"]
[EventType "swiss"]
[EventRounds "9"]
[EventCountry "CRO"]
[SourceTitle "CBM 149 Extra"]
[Source "ChessBase"]
[SourceDate "2012.08.24"]
[SourceVersion "1"]
[SourceVersionDate "2012.08.24"]
[SourceQuality "1"]

1. e4 c5 2. Nf3 e6 3. d4 cxd4 4. Nxd4 Nc6 5. Be2 Qc7 6. Nc3 a6 7. Be3 Nf6 8. a3 Be7 9. f4 d6 10. Qd2 Nxd4 11. Bxd4 b5 12. 0-0 Bb7 13. Bf3 0-0 14. Qe3 e5 15. Bb6 Qc4 16. Rad1 b4 17. Be2 Qc6 18. axb4 exf4 19. Rxf4 Nd7 20. Bd4 Bg5 21. Qg3 f6 22. Rf5 Ne5 23. h4 Bh6 24. Rdf1 Kh8 25. Bxe5 Qb6+ 26. Kh1 dxe5 27. Qxe5 Qxb4 28. Qg3 Rac8 29. R5f3 Rfd8 30. Nd5 Qxe4 31. Ne3 Qg6 32. Bd3 Qe8 33. Nf5 Bxf3 34. Rxf3 Qh5 35. Kg1 g6 36. Nd6 Qc5+ 37. Kh1 Qxd6 38. Qf2 Bg7 39. b3 Qd4 40. Qg3 Qa1+ 41. Rf1 Qe5 42. Qh3 Re8 43. Qd7 Rcd8 44. Qg4 f5 45. Qf3 Qe3 46. Qxe3 Rxe3 47. Bxa6 Ra8 48. Bc4 Ra1 0-1

[Event "Split op 2nd"]
[Site "Split"]
[Date "2012.08.14"]
[Round "4"]
[White "Basic, Igor"]
[Black "Liepold, Stefan"]
[Result "0-1"]
[WhiteElo "1990"]
[BlackElo "2208"]
[PlyCount "62"]
[EventDate "2012.08.11"]
[EventType "swiss"]
[EventRounds "9"]
[EventCountry "CRO"]
[SourceTitle "CBM 149 Extra"]
[Source "ChessBase"]
[SourceDate "2012.08.24"]
[SourceVersion "1"]
[SourceVersionDate "2012.08.24"]
[SourceQuality "1"]

1. Nf3 Nf6 2. d4 g6 3. g3 Bg7 4. Bg2 d5 5. 0-0 0-0 6. c3 c6 7. b4 a5 8. Bb2 Bf5 9. Nbd2 Nbd7 10. Nh4 Be6 11. f4 Ng4 12. Rf3 axb4 13. h3 bxc3 14. Bxc3 Ngf6 15. f5 gxf5 16. Nxf5 Bxf5 17. Rxf5 e6 18. Rg5 h6 19. Rxg7+ Kxg7 20. e4 Nh7 21. exd5 cxd5 22. Bb4 Rg8 23. Nf3 Ng5 24. Nh2 Qc7 25. h4 Ne4 26. Qg4+ Kh7 27. Bxe4+ dxe4 28. Qe2 Qxg3+ 29. Kh1 f5 30. h5 Rg7 31. Bd2 Rxa2 0-1

[Event "Split op 1st"]
[Site "Split"]
[Date "2011.08.07"]
[Round "3"]
[White "Basic, Igor"]
[Black "Katavic, Borivoj"]
[Result "1-0"]
[WhiteElo "1982"]
[BlackElo "2197"]
[PlyCount "101"]
[EventDate "2011.08.05"]
[EventType "swiss"]
[EventRounds "9"]
[EventCountry "CRO"]
[SourceTitle "CBM 143 Extra"]
[Source "ChessBase"]
[SourceDate "2011.08.29"]
[SourceVersion "1"]
[SourceVersionDate "2011.08.29"]
[SourceQuality "1"]

1. Nf3 Nf6 2. g3 g6 3. Bg2 Bg7 4. 0-0 0-0 5. d4 d6 6. c4 c6 7. Nc3 h6 8. e4 Qa5 9. Nd2 e5 10. d5 Ne8 11. Rb1 cxd5 12. b4 Qd8 13. cxd5 f5 14. f3 h5 15. Nc4 Bd7 16. Be3 f4 17. gxf4 Rxf4 18. Qd2 Rf7 19. b5 Qc8 20. Na5 Bh3 21. Bxh3 Qxh3 22. Qg2 Qxg2+ 23. Kxg2 Rc7 24. Rfc1 Nd7 25. Na4 b6 26. Nc6 Nc5 27. Nxc5 dxc5 28. a4 Nd6 29. a5 Rf7 30. Rf1 Nc4 31. Bg5 Bf6 32. Bxf6 Rxf6 33. Rfc1 Nd2 34. Rb2 Nxf3 35. Rf2 Nh4+ 36. Kg3 Rxf2 37. Kxf2 Rf8+ 38. Ke2 Nf3 39. Ke3 Nxh2 40. Nxe5 Ng4+ 41. Nxg4 hxg4 42. e5 g5 43. e6 Rf4 44. axb6 axb6 45. Rd1 g3 46. d6 Rd4 47. d7 Rxd1 48. e7 Re1+ 49. Kf3 Rxe7 50. d8Q+ Kf7 51. Qxb6 1-0

[Event "Split op 4th"]
[Site "Split"]
[Date "2010.05.05"]
[Round "6"]
[White "Dzaja, Martin Zorislav"]
[Black "Basic, Igor"]
[Result "1-0"]
[WhiteElo "1681"]
[BlackElo "1988"]
[PlyCount "59"]
[EventDate "2010.04.30"]
[EventType "swiss"]
[EventRounds "9"]
[EventCountry "CRO"]
[SourceTitle "EXT 2011"]
[Source "ChessBase"]
[SourceDate "2010.11.26"]
[SourceVersion "1"]
[SourceVersionDate "2010.11.26"]
[SourceQuality "1"]

1. e4 c6 2. d4 g6 3. Be3 Bg7 4. Nc3 d6 5. Qd2 b5 6. Bd3 b4 7. Nce2 a5 8. c4 bxc3 9. bxc3 h5 10. Nf3 h4 11. h3 Nd7 12. Rb1 Qc7 13. c4 e6 14. 0-0 e5 15. d5 c5 16. Nc3 Ba6 17. Nb5 Bxb5 18. Rxb5 Ne7 19. Rfb1 Ra7 20. Qb2 f5 21. Ng5 Nf8 22. Rb8+ Nc8 23. exf5 Rh5 24. Ne6 Nxe6 25. fxe6 Rf5 26. Bxf5 gxf5 27. Qe2 f4 28. Qh5+ Kf8 29. Qf5+ Kg8 30. e7 1-0

[Event "Split op 4th"]
[Site "Split"]
[Date "2010.05.02"]
[Round "3"]
[White "Basic, Igor"]
[Black "Sunara, Tomislav"]
[Result "0-1"]
[WhiteElo "1988"]
[BlackElo "1990"]
[PlyCount "76"]
[EventDate "2010.04.30"]
[EventType "swiss"]
[EventRounds "9"]
[EventCountry "CRO"]
[SourceTitle "EXT 2011"]
[Source "ChessBase"]
[SourceDate "2010.11.26"]
[SourceVersion "1"]
[SourceVersionDate "2010.11.26"]
[SourceQuality "1"]

1. Nf3 d5 2. d4 Nf6 3. g3 g6 4. Bg2 Bg7 5. 0-0 0-0 6. c4 dxc4 7. Ne5 Ng4 8. Nxg4 Bxg4 9. Bxb7 Nd7 10. Bg2 Nb6 11. h3 Be6 12. e3 Rb8 13. Nc3 Qc8 14. Kh2 Rd8 15. Nb5 Bd5 16. e4 Ba8 17. Be3 c6 18. Nc3 Bxd4 19. Bxd4 c5 20. Nd5 Nxd5 21. exd5 Bxd5 22. Bxd5 Rxd5 23. Qe2 cxd4 24. Qxe7 Rh5 25. h4 Rhb5 26. Qxa7 d3 27. Rae1 Rxb2 28. Re7 R2b7 29. Rxb7 Rxb7 30. Qd4 Rd7 31. Qc3 Qc5 32. Kg2 Qd4 33. Qe1 c3 34. Qe8+ Kg7 35. h5 gxh5 36. Re1 Qd5+ 37. Kh2 d2 38. Re5 d1Q 0-1

[Event "Split op 3rd"]
[Site "Split"]
[Date "2009.03.06"]
[Round "8"]
[White "Basic, Igor"]
[Black "Miskovic, Toni"]
[Result "1-0"]
[WhiteElo "2002"]
[BlackElo "1956"]
[PlyCount "91"]
[EventDate "2009.02.28"]
[EventType "swiss"]
[EventRounds "9"]
[EventCountry "CRO"]
[SourceTitle "CBM 129 Extra"]
[Source "ChessBase"]
[SourceDate "2009.05.05"]
[SourceVersion "2"]
[SourceVersionDate "2009.05.20"]
[SourceQuality "1"]

1. e4 c6 2. f4 d5 3. e5 Bf5 4. Nf3 e6 5. d4 c5 6. c3 Nc6 7. Bb5 Qb6 8. Qa4 Nh6 9. Nbd2 Ng4 10. Nf1 Be7 11. h3 Nh6 12. Be3 0-0 13. Ng3 cxd4 14. Bf2 a6 15. Bxc6 Qxb2 16. 0-0 bxc6 17. Nxd4 Bd3 18. Nxc6 Bh4 19. Rfc1 Bb5 20. Qb4 Qxb4 21. Nxb4 f6 22. a4 Bc4 23. exf6 Rxf6 24. Nh5 Bxf2+ 25. Kxf2 Rf7 26. Re1 Re8 27. Nc6 g6 28. Ne5 gxh5 29. Nxf7 Kxf7 30. Re5 Nf5 31. Rb1 h4 32. Rb7+ Re7 33. Rb8 Kf6 34. Rf8+ Rf7 35. Re8 Re7 36. Rf8+ Kg7 37. Rfxf5 Rb7 38. Rg5+ Kf6 39. Rh5 Rb2+ 40. Kg1 Rb3 41. Rh6+ Kf7 42. Rexe6 Rxc3 43. Rb6 Bd3 44. Rb7+ Ke8 45. Re6+ Kf8 46. Rd6 1-0

[Event "Split op"]
[Site "Split"]
[Date "2008.05.03"]
[Round "7"]
[White "Milosavljevic, Jovan"]
[Black "Basic, Igor"]
[Result "0-1"]
[WhiteElo "2086"]
[BlackElo "1976"]
[PlyCount "80"]
[EventDate "2008.04.28"]
[EventType "swiss"]
[EventRounds "9"]
[EventCountry "CRO"]
[SourceTitle "EXT 2009"]
[Source "ChessBase"]
[SourceDate "2008.11.26"]
[SourceVersion "1"]
[SourceVersionDate "2008.11.26"]
[SourceQuality "1"]

1. d4 Nf6 2. c4 g6 3. Nc3 Bg7 4. e4 d6 5. Bg5 h6 6. Bf4 Nc6 7. d5 e5 8. Be3 Ne7 9. h3 c6 10. Qd2 cxd5 11. cxd5 a6 12. Bd3 g5 13. Nge2 Nh5 14. g3 Bd7 15. a4 b6 16. b4 Ng6 17. Rc1 0-0 18. f3 Kh8 19. Kf2 Qf6 20. Bxb6 Ngf4 21. Ng1 Nxd3+ 22. Qxd3 Nxg3 23. Kxg3 Qf4+ 24. Kg2 Qxc1 25. Nge2 Qa3 26. Rb1 Bxa4 27. Bc7 Bb5 28. Qd2 f5 29. Nc1 Bc4 30. Bxd6 fxe4 31. fxe4 Rf4 32. Bc5 Rc8 33. d6 Rcf8 34. d7 Rd8 35. Bb6 Rxd7 36. Qxd7 Qxc3 37. Qd1 Bf1+ 38. Qxf1 Rxf1 39. Kxf1 Qc2 40. Ra1 Qb2 0-1

[Event "Split op"]
[Site "Split"]
[Date "2008.05.01"]
[Round "5"]
[White "Basic, Igor"]
[Black "Katavic, Borivoj"]
[Result "1-0"]
[WhiteElo "1976"]
[BlackElo "2165"]
[PlyCount "114"]
[EventDate "2008.04.28"]
[EventType "swiss"]
[EventRounds "9"]
[EventCountry "CRO"]
[SourceTitle "EXT 2009"]
[Source "ChessBase"]
[SourceDate "2008.11.26"]
[SourceVersion "1"]
[SourceVersionDate "2008.11.26"]
[SourceQuality "1"]

1. Nf3 f5 2. d4 Nf6 3. Bf4 d6 4. e3 g6 5. c3 Be6 6. Bd3 h6 7. Qc2 c6 8. Nbd2 g5 9. Bxg5 hxg5 10. Nxg5 Qd7 11. Nxe6 Qxe6 12. Bxf5 Qg8 13. Bg6+ Kd8 14. h4 Nbd7 15. b3 e5 16. 0-0-0 Kc7 17. h5 a5 18. Kb1 exd4 19. exd4 Qd5 20. f3 Qg5 21. g4 Nd5 22. Rhe1 Ne3 23. Ne4 Qh6 24. Qd3 Nxd1 25. Qxd1 Qf4 26. Nf2 Bh6 27. Re7 Rhf8 28. Ne4 Bg5 29. Rg7 Bf6 30. Rh7 Rh8 31. Rxd7+ Kxd7 32. Bf5+ Ke7 33. Qe2 Rae8 34. Nc5+ Kf8 35. Ne6+ Rxe6 36. Qxe6 Kg7 37. Qd7+ Kh6 38. Qf7 Qg5 39. f4 Qg7 40. g5+ Bxg5 41. fxg5+ Qxg5 42. Bg6 Qe3 43. Qf6 Qe1+ 44. Kb2 Rg8 45. Qf4+ Kg7 46. Qf7+ Kh6 47. Qh7+ Kg5 48. Qxg8 a4 49. Bf7+ Kf4 50. Qg6 a3+ 51. Kxa3 Qxc3 52. Qxd6+ Kf3 53. Qc5 Qe3 54. Qf5+ Kg2 55. Qc2+ Kg3 56. Bg6 Qe7+ 57. Kb2 Qd6 1-0

[Event "Split op"]
[Site "Split"]
[Date "2008.04.30"]
[Round "3"]
[White "Basic, Igor"]
[Black "Paradjina, Dusko"]
[Result "1/2-1/2"]
[WhiteElo "1976"]
[BlackElo "1990"]
[PlyCount "52"]
[EventDate "2008.04.28"]
[EventType "swiss"]
[EventRounds "9"]
[EventCountry "CRO"]
[SourceTitle "EXT 2009"]
[Source "ChessBase"]
[SourceDate "2008.11.26"]
[SourceVersion "1"]
[SourceVersionDate "2008.11.26"]
[SourceQuality "1"]

1. e4 c5 2. Nf3 Nc6 3. d4 cxd4 4. Nxd4 Nf6 5. Nc3 e5 6. Nb3 Bb4 7. Bc4 0-0 8. Bg5 h6 9. Bxf6 Qxf6 10. 0-0 Bxc3 11. bxc3 Qg6 12. Qe2 d6 13. Kh1 Be6 14. Bd3 Kh8 15. f4 f5 16. fxe5 Nxe5 17. Nd4 f4 18. Nxe6 Qxe6 19. Rab1 b6 20. a4 Rac8 21. Rb3 Rc5 22. Ba6 g5 23. Bb7 Qc4 24. Qd1 Qe6 25. Bd5 Qf6 26. Qh5 Qg6 1/2-1/2

[Event "Split MIC op"]
[Site "Split"]
[Date "2007.05.05"]
[Round "9"]
[White "Basic, Igor"]
[Black "Susovic, Hrvoje"]
[Result "0-1"]
[WhiteElo "2020"]
[BlackElo "2058"]
[PlyCount "86"]
[EventDate "2007.04.28"]
[EventType "swiss"]
[EventRounds "9"]
[EventCountry "CRO"]
[SourceTitle "EXT 2008"]
[Source "ChessBase"]
[SourceDate "2007.11.25"]
[SourceVersion "1"]
[SourceVersionDate "2007.11.25"]
[SourceQuality "1"]

1. c4 e5 2. g3 g6 3. Bg2 Bg7 4. Nc3 d6 5. d3 c6 6. Nf3 h6 7. 0-0 Be6 8. e4 Qd7 9. Be3 Nf6 10. Ne1 Ng4 11. Bd2 f5 12. exf5 Bxf5 13. f3 Nf6 14. g4 Be6 15. Qe2 0-0 16. Nc2 Na6 17. Rae1 Rae8 18. Be3 b6 19. Qd2 Kh7 20. Qf2 Nc5 21. Qe2 Bf7 22. Rd1 Ne6 23. Qd2 c5 24. Ne2 Re7 25. Bf2 Rfe8 26. Rde1 d5 27. Rd1 Nd4 28. b3 Qb7 29. Ng3 dxc4 30. Nxd4 exd4 31. bxc4 Qd7 32. Rfe1 b5 33. cxb5 Qxb5 34. h4 Nd5 35. f4 Nc3 36. Rxe7 Rxe7 37. Re1 Rxe1+ 38. Bxe1 Nxa2 39. Qe2 Nc1 40. Qc2 Nxd3 41. Qd2 Qb1 42. Kh2 Nxe1 43. Be4 Qxe4 0-1

[Event "Split MIC op"]
[Site "Split"]
[Date "2007.05.04"]
[Round "8"]
[White "Zelic, Marina"]
[Black "Basic, Igor"]
[Result "1/2-1/2"]
[WhiteElo "2021"]
[BlackElo "2020"]
[PlyCount "119"]
[EventDate "2007.04.28"]
[EventType "swiss"]
[EventRounds "9"]
[EventCountry "CRO"]
[SourceTitle "EXT 2008"]
[Source "ChessBase"]
[SourceDate "2007.11.25"]
[SourceVersion "1"]
[SourceVersionDate "2007.11.25"]
[SourceQuality "1"]

1. e4 d6 2. d4 Nf6 3. Nc3 g6 4. Bc4 Bg7 5. f4 0-0 6. e5 Ne8 7. Be3 Nc6 8. Qd2 Bf5 9. Nf3 Na5 10. Be2 Bg4 11. 0-0 c5 12. d5 b6 13. a3 Bxf3 14. Rxf3 dxe5 15. fxe5 Bxe5 16. Bh6 Ng7 17. Rh3 f5 18. Bf3 Nc4 19. Qe2 Bd4+ 20. Kh1 Nd6 21. Re1 Rf7 22. Nd1 Qd7 23. c3 Bf6 24. Nf2 Re8 25. Bxg7 Bxg7 26. Nd3 Qb5 27. Qc2 Ne4 28. c4 Qd7 29. Qe2 Ref8 30. Nf4 Bd4 31. Nd3 e6 32. Rh4 exd5 33. cxd5 Qxd5 34. g3 Re7 35. Kg2 g5 36. Rxe4 fxe4 37. Bxe4 Rxe4 38. Qxe4 Qxe4+ 39. Rxe4 Kg7 40. b4 h5 41. g4 h4 42. Re7+ Rf7 43. Rxf7+ Kxf7 44. Kf3 Ke6 45. Ke4 h3 46. Ne1 Be5 47. Nf3 Bf4 48. bxc5 bxc5 49. Ng1 Bxh2 50. Nxh3 Kf6 51. Kd5 Bf4 52. Kxc5 Ke5 53. Kb5 Be3 54. Ka6 Kf6 55. a4 Bd4 56. a5 Be3 57. Kb7 Bd4 58. Ka6 Be3 59. Kb7 Kg6 60. Ka6 1/2-1/2

[Event "Split MIC op"]
[Site "Split"]
[Date "2007.05.03"]
[Round "7"]
[White "Basic, Igor"]
[Black "Marinic Kragic, Miroslav"]
[Result "1-0"]
[WhiteElo "2020"]
[BlackElo "2032"]
[PlyCount "81"]
[EventDate "2007.04.28"]
[EventType "swiss"]
[EventRounds "9"]
[EventCountry "CRO"]
[SourceTitle "EXT 2008"]
[Source "ChessBase"]
[SourceDate "2007.11.25"]
[SourceVersion "1"]
[SourceVersionDate "2007.11.25"]
[SourceQuality "1"]

1. d4 Nf6 2. c4 d5 3. Nc3 e6 4. a3 b6 5. cxd5 Nxd5 6. e4 Nxc3 7. bxc3 Bb7 8. Bb5+ Nd7 9. Qd3 c6 10. Ba6 Qc7 11. Bxb7 Qxb7 12. Ne2 Rd8 13. Qf3 c5 14. 0-0 Nf6 15. Bg5 Be7 16. Bxf6 Bxf6 17. Rfd1 0-0 18. Ra2 Rd7 19. Rad2 Rfd8 20. Qe3 cxd4 21. cxd4 h6 22. f4 Qc6 23. h3 Qc4 24. Kh1 Kh7 25. Kh2 g6 26. e5 Be7 27. Rc1 Qa4 28. Rc3 Qb5 29. Qe4 Bh4 30. f5 Be1 31. fxg6+ Kg7 32. Nf4 Bxd2 33. Nh5+ Kf8 34. g7+ Ke7 35. d5 exd5 36. Qf5 Bg5 37. Rf3 Re8 38. Qxf7+ Kd8 39. Qxe8+ Kxe8 40. g8Q+ Ke7 41. Ng7 1-0

[Event "Solin op"]
[Site "Solin"]
[Date "2007.01.27"]
[Round "8"]
[White "Basic, Igor"]
[Black "Klaric, Ante"]
[Result "1-0"]
[WhiteElo "2046"]
[BlackElo "1874"]
[PlyCount "59"]
[EventDate "2007.01.20"]
[EventType "swiss"]
[EventRounds "9"]
[EventCountry "CRO"]
[SourceTitle "CBM 116 Extra"]
[Source "ChessBase"]
[SourceDate "2007.03.07"]
[SourceVersion "1"]
[SourceVersionDate "2007.03.07"]
[SourceQuality "1"]

1. Nf3 Nf6 2. c4 e6 3. d4 b6 4. Nc3 Bb4 5. Bg5 Bxc3+ 6. bxc3 Bb7 7. e3 d6 8. Bd3 Nbd7 9. h3 0-0 10. 0-0 Re8 11. Nh2 e5 12. Bf5 Qb8 13. Qa4 c6 14. Ng4 Qc7 15. Rad1 Nxg4 16. Bxg4 Nf8 17. d5 c5 18. f4 f6 19. Bh4 exf4 20. exf4 Qf7 21. Rde1 h5 22. Bf3 Rad8 23. Qxa7 Ra8 24. Qxb6 Ra6 25. Qb1 Bc8 26. Rxe8 Qxe8 27. Re1 Qf7 28. Re2 Ng6 29. Bxh5 Kh7 30. f5 1-0

[Event "Cvitanovic Memorial-B 11th"]
[Site "Split"]
[Date "2006.04.29"]
[Round "1"]
[White "Klaric, Ante"]
[Black "Basic, Igor"]
[Result "0-1"]
[WhiteElo "1874"]
[BlackElo "2072"]
[PlyCount "78"]
[EventDate "2006.04.29"]
[EventType "swiss"]
[EventRounds "7"]
[EventCountry "CRO"]
[SourceTitle "CBM 112 Extra"]
[Source "ChessBase"]
[SourceDate "2006.07.14"]
[SourceVersion "1"]
[SourceVersionDate "2006.07.14"]
[SourceQuality "1"]

1. Nf3 Nf6 2. b3 d6 3. Bb2 e5 4. c4 c5 5. g3 Nc6 6. d3 Nd4 7. Nfd2 Bg4 8. Nc3 Qd7 9. h3 Be6 10. e3 Nc6 11. Bg2 Nb4 12. Nf3 h6 13. a3 Nc6 14. Ne4 Nh7 15. Nh2 Bxh3 16. Bf3 Be6 17. Qe2 Be7 18. Nc3 0-0 19. Nd5 Bd8 20. Kf1 f5 21. Ra2 Ng5 22. Bg2 Ne7 23. Nxe7+ Bxe7 24. f4 Nf7 25. Nf3 Bf6 26. Nh4 Nh8 27. Qh5 Qf7 28. Qf3 g5 29. fxg5 Bxg5 30. Bc3 Rab8 31. Rf2 b5 32. cxb5 Rxb5 33. b4 Ng6 34. a4 Rbb8 35. Nxg6 Qxg6 36. b5 f4 37. gxf4 Qxd3+ 38. Qe2 Qxc3 39. fxg5 Qc1+ 0-1